| 000 | 00392pab a2200157 454500 | ||
|---|---|---|---|
| 008 | 180718b1998 xxu||||| |||| 00| 0 eng d | ||
| 100 | _aVithal, C.P. | ||
| 245 | _aDevolution of powers and functions to panchayati raj institutions | ||
| 260 | _c1998 | ||
| 300 | _ap.8-12 | ||
| 362 | _aNov | ||
| 650 | _aPanchayat - India | ||
| 650 | _aPanchayat | ||
| 773 | _aKurukshetra | ||
| 909 | _a39580 | ||
| 999 |
_c39580 _d39580 |
||